000 00568nam a2200229Ia 4500
003 OSt
005 20220924142559.0
006 a|||||r|||| 00| 0
007 ta
008 220923b |||||||| |||| 00| 0 mni d
024 _a302488
037 _cTextual
040 _aARTS
_cARTS
_bmni
041 _2mni
_amni
082 _aO446114,2x, L5
100 _aSingha Ed.
_9213665
245 0 _aManipuri lila macha
260 _c1975
650 _aMANIPURI LITERATURE
942 _hO446114,2x, L5
_cTEXL
_2CC
999 _c451190
_d451190